000 00539nam a2200181Ia 4500
999 _c14777
_d14777
003 OSt
005 20201021094827.0
008 190216s9999||||xx |||||||||||||| ||und||
020 _a9780199231799
040 _coclc
082 _a850.9
_bHAI/I
100 _aHainsworth, Peter
_95742
245 0 _aItalian Literature A Very Short Introduction /
_cPeter Hainsworth
260 _bOxford University Press,
_c2012.
_aNew york:
300 _a128p
650 _aEnglish
942 _cBK
_2ddc
_h850.9
_iHAI/I
_k850.9
_mHAI/I